header

E-government (Record no. 156414)

MARC details
000 -LEADER
fixed length control field 01191nam a2200313 a 4500
082 04 - DEWEY DECIMAL CLASSIFICATION NUMBER
Classification number 352.3/8028544678
100 1# - MAIN ENTRY--AUTHOR NAME
Personal name Perillo, Vincent T.
245 10 - TITLE STATEMENT
Title E-government
260 ## - PUBLICATION, DISTRIBUTION, ETC. (IMPRINT)
Place of publication New York :
Name of publisher Nova Science Publishers,
Year of publication c2009.
300 ## - PHYSICAL DESCRIPTION
Number of Pages x, 218 p. :
Other physical details ill. (some col.)
500 ## - GENERAL NOTE
General note Includes index.
650 #0 - SUBJECT ADDED ENTRY--TOPICAL TERM
Topical Term Internet in public administration.
856 40 - ELECTRONIC LOCATION AND ACCESS
Uniform Resource Identifier http://site.ebrary.com/lib/rucke/Doc?id=10680841

No items available.

© 2026 Rongo University
Contact us: librarian | system librarian | Rongo university